UM Logo
Normal view MARC view
  • Risk.

Entry Topical Term

Number of records used in: 1

001 - CONTROL NUMBER

  • control field: 43511

003 - CONTROL NUMBER IDENTIFIER

  • control field: OSt

005 - DATE AND TIME OF LATEST TRANSACTION

  • control field: 20210818110933.0

008 - FIXED-LENGTH DATA ELEMENTS

  • fixed length control field: 210818|| aca||aabn | a|a d

040 ## - CATALOGING SOURCE

  • Original cataloging agency: OSt
  • Transcribing agency: OSt

150 ## - HEADING--TOPICAL TERM

  • Topical term or geographic name entry element: Risk.

670 ## - SOURCE DATA FOUND

  • Source citation: Work cat.: (OSt): Ries, Ron. 43510, How to evaluate risk in the modern not-for-profit industry/, 2016.